The noble scholar, jurist, historian


 His Excellency Dr. Abdul Wahhab bin Ibrahim Abu Sulaiman, may Allah have mercy on him.


 He was born in Umm Al-Qura in the year 1356 AH.

عهد الصبا في البادية / (Record no. 1206)

MARC details
000 -LEADER
fixed length control field 01040cam a22002771i 4500
003 - CONTROL NUMBER IDENTIFIER
control field SA-RiAUC
005 - DATE AND TIME OF LATEST TRANSACTION
control field 20241011170807.0
008 - FIXED-LENGTH DATA ELEMENTS--GENERAL INFORMATION
fixed length control field 241006s1980 su g 000 f ara c
040 ## - CATALOGING SOURCE
Original cataloging agency SA-MuMU
Language of cataloging ara
Transcribing agency SA-RiAUC
Description conventions rda
041 1# - LANGUAGE CODE
Language code of text/sound track or separate title ara
Language code of original und
082 04 - DEWEY DECIMAL CLASSIFICATION NUMBER
Classification number 813
Assigning agency SA-RiAUC
090 ## - LOCALLY ASSIGNED LC-TYPE CALL NUMBER (OCLC); LOCAL CALL NUMBER (RLIN)
Classification number (OCLC) (R) ; Classification number, CALL (RLIN) (NR) 813
Local cutter number (OCLC) ; Book number/undivided call number, CALL (RLIN) د ق س
100 1# - MAIN ENTRY--PERSONAL NAME
Personal name الدقس، إسحاق
Relator term مؤلف.
245 10 - TITLE STATEMENT
Title عهد الصبا في البادية /
Statement of responsibility, etc. تأليف إسحاق الدقس ؛ ترجمة عزيز ضياء.
264 #1 - PRODUCTION, PUBLICATION, DISTRIBUTION, MANUFACTURE, AND COPYRIGHT NOTICE
Place of production, publication, distribution, manufacture جدة، السعودية :
Name of producer, publisher, distributor, manufacturer تهامة،
Date of production, publication, distribution, manufacture, or copyright notice 1980
300 ## - PHYSICAL DESCRIPTION
Extent 172 صفحة.
336 ## - CONTENT TYPE
Content type term نص
Content type code txt
Source rdacontent
Materials specified كتاب
337 ## - MEDIA TYPE
Media type term بدون وسيط
Media type code n
Source rdamedia
338 ## - CARRIER TYPE
Carrier type term مجلد
Carrier type code nc
Source rdacarrier
490 1# - SERIES STATEMENT
Series statement الكتاب العربي السعودي ؛
Volume/sequential designation 3
650 #7 - SUBJECT ADDED ENTRY--TOPICAL TERM
Topical term or geographic name entry element القصص العربية
Geographic subdivision الأردن
Chronological subdivision قرن 20
Source of heading or term aucsh
700 1# - ADDED ENTRY--PERSONAL NAME
Personal name ضياء، عزيز،
Dates associated with a name 1332-1417 هجري
Relator term مترجم.
830 #2 - SERIES ADDED ENTRY--UNIFORM TITLE
Uniform title الكتاب العربي السعودي
Volume/sequential designation 3
942 ## - ADDED ENTRY ELEMENTS (KOHA)
Source of classification or shelving scheme Dewey Decimal Classification
Koha item type Books
Suppress in OPAC No
949 ## - LOCAL PROCESSING INFORMATION (OCLC)
a SA-JeALM
d 241006
u mohamedma123
n 1
Holdings
Withdrawn status Lost status Source of classification or shelving scheme Damaged status Not for loan Home library Current library Date acquired Total checkouts Full call number Barcode Date last seen Price effective from Koha item type
    Dewey Decimal Classification     DR AbdElwahab Library DR AbdElwahab Library 10/11/2024   813 د ق س 000001649 10/11/2024 10/11/2024 Books
    Dewey Decimal Classification     DR AbdElwahab Library DR AbdElwahab Library 09/22/2025   813 د ق س 000019322 09/22/2025 09/22/2025 Books